000 00655nam a2200253Ia 4500
003 OSt
005 20221005124432.0
006 a|||||r|||| 00| 0
007 ta
008 221004b |||||||| |||| 00| 0 tam d
024 _a46163
037 _cTextual
040 _aCRL
_cCRL
_btam
041 _2tam
_atam
082 _aO111,3M91,1, 31J8
100 _aVenkataramaan Au.
_9635240
245 0 _aMurugum oor wzhavan
260 _c1958
300 _a360p..
_ccm.
650 _a ENGLISH LETTERS
_957423
650 _aENGLISH FICTION
942 _hO111,3M91,1, 31J8
_cTEXL
_2cc
999 _c1050481
_d1050481